00501nam a2200193 a 4500001001300000003000900013005001700022008004100039020002500080082001400105100002100119245004000140260003300180300000800213500003500221505001700256650001300273700002100286nice12345678IN_TiNIC20260116013125.0050524s1978 u sa grp 000 0 eng  a0800614 c95.5500a230bFOR1 aForell, George W aGod`s Call to Public Responsibility aU S abFortress Press c1978 a64p aincludes index and biblioraphy2 aBibliography aTheology1 aForell, George W